000 01330cam a22004094i 4500
003 PE-LiUPU
005 20250731173156.0
008 150623s r 000 0 d
035 _a(Sirsi) a28968
040 _aPE-LiUPU
_bspa
_cPE-LiUPU
_erda
082 0 4 _a283
_bN37
_221
100 1 _aNeill, Stephen,
_eautor.
_91570
245 1 3 _aEl anglicanismo /1cStephen Neill, [Traducción de José Luis Lana].
264 1 _aMadrid :
_bPenínsula,;
_c[1966]
300 _a444 páginas 1 hoja
_c20 centímetros.
336 _atext
_2rdacontent
337 _aunmediated
_2rdamedia
338 _avolume
_2rdacarrier
490 0 _aColección "Pensamiento Cristiana"
_vv. 4
526 _aSEG42
526 _aSEG41
526 _aSEG40
526 _aSEG39
526 _aP94
526 _aP87
526 _aP86
526 _aP85
526 _aP77
526 _aP76
526 _aP35
650 1 4 _aAnglicanismo
_2embne
942 _2ddc
_cBOOK
949 _a283 N37
_wDEWEY
_c1
_i39142
_lCCODEBUL1
_mBUL
_p00.00
_r0
_sY
_tBOOK
_u2015-06-24
_xBIBLIOTECA
_zUNKNOWN
_0COMPRA
_o.STAFF. Colección General
596 _a1
999 _a283 N37
_wDEWEY
_c36273
_i39142
_f2021-11-11
_g5
_lCCODEBUL1
_mBUL
_r0
_sY
_tBOOK
_u2015-6-24
_xTEOLOGIA
_zUNKNOWN
_0COMPRA
_o.STAFF. Colección General
_d36273
980 _81
_gALBERTO SANCHEZ Responsable de Automatización